Colours of shadow / (Record no. 97867)

MARC details
000 -LEADER
fixed length control field 00498nam a22001817a 4500
005 - DATE AND TIME OF LATEST TRANSACTION
control field 20160106103248.0
010 ## - LCCN (DPL NO)
LC control number ENG-114350
020 ## - INTERNATIONAL STANDARD BOOK NUMBER
International Standard Book Number 9789382536109
Terms of availability 180.00
035 ## - SYSTEM CONTROL NUMBER
System control number EN-97882
037 ## - SOURCE OF ACQUISITION
Source of stock number/acquisition DBAD/PUB
082 ## - DEWEY DECIMAL CLASSIFICATION NUMBER
Classification number S
100 ## - MAIN ENTRY--PERSONAL NAME
Personal name Das, Adwaita
245 ## - TITLE STATEMENT
Title Colours of shadow /
Statement of responsibility, etc by Adwaita Das
260 ## - PUBLICATION, DISTRIBUTION, ETC. (IMPRINT)
Place of publication, distribution, etc New Delhi
Name of publisher, distributor, etc LiFi Publications
Date of publication, distribution, etc 2015
270 ## - ADDRESS
Address 211,2nd Floor, Gagandeep 12, Rajendra Place
City New Delhi
Postal code 110008
300 ## - PHYSICAL DESCRIPTION
Extent 174p.
Dimensions 21cm(pbk)
942 ## - ADDED ENTRY ELEMENTS (KOHA)
Source of classification or shelving scheme Dewey Decimal Classification
Item type English Books
Call number suffix DAS
Classification part S
Holdings
Withdrawn status Lost status Not for loan Collection code Home library Current library Date acquired Source of acquisition Cost, normal purchase price Full call number Barcode Copy number Cost, replacement price Koha item type
    Not For Loan Fiction D.B.Act.Division D.B.Act.Division 20/10/2015 DBAD/PUB 180.00 S DAS EN-97882 1 180.00 English Books

© Delhi Public Library
Hit Counter
free hit counter